| 000 | 00798cam a2200241 4500 | ||
|---|---|---|---|
| 001 | X104129 | ||
| 008 | 000000n2000 000 0 eng u | ||
| 035 | _a(Sirsi) u104129 | ||
| 245 | _aNational Real Estate Sourcebook | ||
| 260 | _c2000 | ||
| 490 |
_aNational Real Estate Investor _v41(15) January 2000, 26-126(100) |
||
| 520 | _aAmerical directory of organisations involved in 19 areas of commercial real estate. Covers property managers, architects, contractors, developers, agents, consultants, REITS and software houses. | ||
| 650 | _aDIRECTORY | ||
| 650 | _aUNITED STATES | ||
| 650 | _aPROPERTY SOURCES | ||
| 650 | _aPROPERTY MANAGERS | ||
| 650 | _aVALUERS | ||
| 650 | _aREITS | ||
| 650 | _aCONTRACTORS | ||
| 650 | _aCONSULTANTS | ||
| 690 | _aSURVEYING SERVICES | ||
| 942 | _n0 | ||
| 999 |
_c62502 _d62502 |
||